000
00243nam a2200097Ia 4500
001
689976
005
20250826161807.0
008
250824s9999 xx 000 0 und d
245
0
_a
KANADI KIRIK KUŞLAR
_c
AYŞE KULİN
260
_b
EVEREST YAYINLARI
999
_c
689976
_d
689976